000 00390nam a22001097a 4500
082 _a900
100 _aवरे, डॉ. एस. एल.
_982077
245 _aमध्‍यप्रदेश का इतिहास एवं संस्‍कृति
260 _aभोपाल
_bकैलाश पुस्‍तक सदन
_c2023
650 _aइतिहास
942 _cHIN
999 _c66530
_d66530